LDR 00712naa#a2200169#i#450# 001 EN\\bibl\123305 005 20260705110433.7 011 ## _a2686-9896 100 ## _a20260515b2026####ek#y0engy0150####ca 102 ## _aRU 200 1# _aSECONDARY MARKETING INFORMATION: CONCEPT, TYPES AND SOURCES OF RECEIPT _eJournal article 210 1# _aAngarsk _cFederal State Funded Educational Establishment of Higher Education «Angarsk State Technical University» _d2026 215 ## _a1 с. 608 ## _aJournal article _2local 675 ## _aТорговля. Международные экономические отношения. Мировое хозяйство. 339 _z 700 #1 _aFilimonova _gYuliya Vladimirovna 856 4# _aangtu.editorum.ru _u